| 000 | 00674nam a2200205 u 4500 | ||
|---|---|---|---|
| 005 | 20220902194415.0 | ||
| 008 | 131202s2008 r 000 0 eng d | ||
| 020 | _a9786077514060 | ||
| 035 | _aUPN01000194417 | ||
| 049 | _aCG | ||
| 050 | 4 |
_aF1419 A1 _bA4.6 |
|
| 245 | 0 | 0 |
_aAl otro lado : _brelatos ganadores del primer concurso Iberoamericano de cuentos sobre discriminación / _ced. Arturo Cosme Valadez |
| 260 |
_aMéxico : _bCONAPRED, _c2008. |
||
| 300 |
_a178 p. : _bil. |
||
| 650 | 4 |
_aDISCRIMINACION - _zAMERICA LATINA _922995 |
|
| 650 | 0 |
_aDiscriminación en la literatura _923493 |
|
| 700 | 1 |
_aCosme Valadez, Arturo, _eed. |
|
| 905 | _aLibro | ||
| 999 |
_c166518 _d166518 |
||